000 00319nam a22001457a 4500
008 230913b ||||| |||| 00| 0 eng d
020 _a9780500050811
041 _aeng
080 _a521
082 _a521MIT
100 _a19
101 _aASTRO
245 _aTHE PREHISTORY OF THE MIND
_cMITHEN.S
942 _2udc
_cBK
999 _c60367
_d60367